Kluby Top 5 lig europejskich 2024-25 - Statystyki

Ogólne statystyki
  • Ten quiz został rozwiązany 112 razy
  • Średni wynik to 40 z 96
Statystyki odpowiedzi
Liga Klub % Poprawnych
Premier League Manchester City
93%
La Liga Real Madryt
93%
Premier League Arsenal
90%
La Liga FC Barcelona
90%
Premier League Liverpool
90%
Premier League Manchester United
90%
Serie A AC Milan
83%
Premier League Chelsea
83%
Serie A Inter Mediolan
83%
Serie A Juventus
75%
Premier League Tottenham Hotspur
73%
La Liga Atletico Madryt
72%
Bundesliga Bayer Leverkusen
72%
Serie A AS Roma
70%
Premier League Aston Villa
67%
Serie A SSC Napoli
67%
Bundesliga Bayern Monachium
65%
Bundesliga Borussia Dortmund
63%
La Liga Real Betis
63%
Premier League Brighton and Hove Albion
62%
Premier League Everton
62%
Ligue 1 PSG
62%
La Liga Valencia
60%
Premier League Newcastle United
57%
Premier League Southampton
57%
La Liga Real Sociedad
55%
Serie A Atalanta Bergamo
53%
Premier League West Ham United
53%
La Liga Athletic
52%
Premier League Crystal Palace
52%
Premier League Leicester City
52%
Premier League Nottingham Forest
52%
La Liga Sevilla
52%
Premier League Wolverhampton Wanderers
52%
Serie A AFC Fiorentina
47%
Premier League Fulham
47%
Serie A Lazio Rzym
47%
La Liga Villarreal
45%
Premier League Ipswich Town
43%
Ligue 1 Olympique Lyon
43%
Bundesliga RB Lipsk
43%
Serie A Torino
43%
Premier League Bournemouth
42%
La Liga Espanyol
42%
Bundesliga VFL Wolfsburg
42%
Ligue 1 AS Monaco
38%
Serie A Bologna
38%
La Liga Girona
38%
La Liga Osasuna
38%
Premier League Brentford
37%
La Liga Getafe
37%
Serie A Lecce
37%
Ligue 1 LOSC Lille
35%
La Liga RCD Mallorca
35%
Bundesliga Union Berlin
35%
Serie A AC Monza
33%
Bundesliga Borussia Monchengladbach
33%
Ligue 1 Brest
33%
Serie A Parma
33%
La Liga UD Las Palmas
33%
Bundesliga Werder Brema
33%
Bundesliga Eintracht Frankfurt
32%
Serie A Genoa
32%
Serie A Hellas Verona
32%
Ligue 1 Olympique Marsylia
30%
Bundesliga VFB Stuttgart
30%
Bundesliga VFL Mainz
30%
Serie A Udinese
28%
Serie A Como
25%
Ligue 1 FC Nantes
25%
Bundesliga Hoffenheim
25%
La Liga Leganes
25%
La Liga Leganes
25%
Ligue 1 OGC Nice
25%
Ligue 1 RC Lens
22%
La Liga Real Valladolid
22%
Serie A Cagliari
20%
La Liga Deportivo Alaves
20%
Serie A Empoli
20%
Bundesliga FC Augsburg
20%
Serie A Venezia
20%
La Liga Celta Vigo
18%
Bundesliga VFL Bochum
17%
Ligue 1 AJ Auxerre
15%
Bundesliga Heidenheim
15%
Bundesliga FC St. Pauli
13%
Ligue 1 RC Strasbourg
13%
Bundesliga Holstein Kiel
12%
Bundesliga SC Freiburg
10%
Ligue 1 Montpellier HSC
8%
Ligue 1 Stade Reims
8%
Ligue 1 Angers
7%
Ligue 1 Le Havre
5%
Ligue 1 Stade Rennais
3%
Ligue 1 FC Toulouse
2%
Ligue 1 AS Saint Ettiene
0%
Nie znaleziono quizów pasujących do podanych kryteriów
Rozkład punktacji
Procent ludzi z każdym wynikiem
Percentyl według liczby udzielonych odpowiedzi
Twoja historia wyników
Nie rozwiązałeś tego quizu